Vysoké Tatry Obří vodopád (horní část).

Bibliographic Details
Other Authors: Chytil, Alois, 1877-1949 (Photographer)
Format: Photo
Language:Czech
Published: Praha A. Chytil 1923
Subjects:

MARC

LEADER 00000nkm a2200000 a 4500
001 vtls010263668
003 SK-MaSNL
005 20260331205817.0
007 kf bo
008 231214s1923 xr g kucze
015 |a SNBG 
035 |a 5214F968-9D8D-4FA1-89CB-B3F2AA8B9BE2 
035 |a urn:nbn:sk:snk-kmxvlc 
035 |a urn:nbn:sk:snk-km007b9w 
040 |a SNK  |b slo  |c SNK  |e AACR2 
041 0 |a cze 
043 |a e-xo--- 
044 |a xr  |c CZ 
080 |a 551.435.14(282.3)  |2 2001 
080 |a 913(437.6-191.2)  |2 2001 
080 |a (084.121)  |2 2001 
100 1 |a Chytil, Alois,  |d 1877-1949  |4 pht  |9 61994 
245 1 0 |a Vysoké Tatry  |h grafika  |b Obří vodopád (horní část).  |c fot. A. Chytil 
260 |a Praha  |b A. Chytil  |c 1923 
300 |a 1 pohľadnica  |b čiernobiela  |c 15 x 9 cm 
650 0 7 |a vodopády  |2 SNKPH  |9 55574 
651 7 |a Vysoké Tatry (Poľsko a Slovensko : pohorie)  |2 SNKPHgeo  |9 67729 
651 7 |a Obrovský vodopád (Vysoké Tatry, Slovensko)  |2 SNKPH  |9 55672 
655 7 |a geografické pohľadnice  |2 SNKPH  |9 70522 
852 |a Slovenská národná knižnica 
958 |a GBN 
958 |a GC 
958 |a ONDV 
999 |c 835321  |d 837251 
952 |a SNK  |b SNK  |y PREZ  |7 0  |p 17A0693943  |o snkSP 352  |i snk352/84  |0 0  |1 0  |4 0  |d 2011-03-14  |f 1  |l 0  |r 2026-02-24 03:51:38  |w 2026-02-24